Every WWE Royal Rumble Iron Man & Iron Woman - Statistics

General Stats
  • This quiz has been taken 152 times
    95 since last reset
  • The average score is 32 of 45
Answer Stats
Year Time Entrant Wrestler % Correct
WWF Royal Rumble 1992 (00:59:26) No. #3 Ric Flair
89%
WWF Royal Rumble 1995 (00:38:41) No. #1 Shawn Michaels
89%
WWF Royal Rumble 1996 (00:48:01) No. #1 Hunter Hearst Helmsley
88%
WWE Royal Rumble 2006 (1:02:12) No. #2 Rey Mysterio
88%
WWE Royal Rumble 2019 (Men's) (00:43:00) No. #10 Seth Rollins
88%
WWE Royal Rumble 2009 (00:49:55) No. #7 Triple H
88%
WWF Royal Rumble 1997 (00:45:07) No. #5 Stone Cold Steve Austin
86%
WWF Royal Rumble 2002 (00:26:46) No. #19 Stone Cold Steve Austin
86%
WWE Royal Rumble 2016 (00:59:50) No. #1 Roman Reigns
84%
WWE Royal Rumble 2004 (1:01:30) No. #1 Chris Benoit
83%
WWE Royal Rumble 2005 (00:47:26) No. #2 Chris Benoit
83%
WWE Royal Rumble 2007 (00:44:02) No. #5 Edge
83%
WWE Royal Rumble 2021 (Men's) (00:58:28) No. #1 Edge
83%
WWF Royal Rumble 2001 (00:53:46) No. #6 Kane
83%
WWE Royal Rumble 2023 (Women's) (1:11:40) No. #1 Rhea Ripley
82%
WWF Royal Rumble 1988 (00:25:42) No. #1 Bret Hart
80%
WWE Royal Rumble 2003 (00:38:54) No. #2 Chris Jericho
80%
WWE Royal Rumble 2017 (1:00:13) No. #2 Chris Jericho
80%
WWE Royal Rumble 2011 (00:35:21) No. #1 CM Punk
80%
WWE Royal Rumble 2014 (00:49:15) No. #1 CM Punk
80%
WWE Royal Rumble 2023 (Men's) (1:01:08) No. #1 GUNTHER
80%
WWE Royal Rumble 2010 (00:22:11) No. #19 John Cena
79%
WWE Royal Rumble 2018 (Greatest) (01:16:05) No. #1 Daniel Bryan
78%
WWE Royal Rumble 2020 (Women's) (00:33:20) No. #2 Bianca Belair
76%
WWE Royal Rumble 2021 (Women's) (00:56:49) No. #3 Bianca Belair
76%
WWE Royal Rumble 2022 (Women's) (00:47:30) No. #8 Bianca Belair
76%
WWF Royal Rumble 1998 (00:51:32) No. #4 The Rock
76%
WWE Royal Rumble 2020 (Men's) (00:34:11) No. #16 Drew McIntyre
74%
WWF Royal Rumble 1999 (00:56:38) No. #2 Mr. McMahon
71%
WWE Royal Rumble 2013 (00:49:47) No. #1 Dolph Ziggler
70%
WWE Royal Rumble 2024 (Men's) (50:55) No. #1 Jey Uso
70%
WWE Royal Rumble 2018 (Women's) (00:54:46) No. #1 Sasha Banks
66%
WWE Royal Rumble 2008 (00:37:42) No. #8 Batista
64%
WWE Royal Rumble 2012 (00:45:39) No. #1 The Miz
64%
WWE Royal Rumble 2015 (00:46:58) No. #5 Bray Wyatt
62%
WWE Royal Rumble 2018 (Men's) (00:57:38) No. #2 Finn Balor
61%
WWE Royal Rumble 2022 (Men's) (00:29:06) No. #1 AJ Styles
57%
WWF Royal Rumble 1990 (00:44:47) No. #1 Ted DiBiase
57%
WWE Royal Rumble 2019 (Women's) (00:56:01) No. #2 Natalya
54%
WWE Royal Rumble 2024 (Women's) (1:02:10) No. #2 Naomi
53%
WWF Royal Rumble 1989 (00:27:58) No. #4 Mr. Perfect
46%
WWF Royal Rumble 1991 (00:52:17) No. #6 Rick Martel
36%
WWF Royal Rumble 1993 (1:01:10) No. #2 Bob Backlund
34%
WWF Royal Rumble 2000 (00:26:17) No. #10 Test
29%
WWF Royal Rumble 1994 (00:30:12) No. #15 Bam Bam Bigelow
14%
No matching quizzes found
Score Distribution
Percent of People with Each Score
Percentile by Number Answered
Your Score History
You have not taken this quiz since the last reset